Представление документа в формате MARC21

Поле Инд. ПП Название Значение
Тип записи a
Библиографический уровень m
001 Контрольный номер RU/IS/BASE/450270476
005 Дата корректировки 20230119105012.2
040 a Служба первич. каталог. НБ ТвГУ
b Код языка каталог. rus
e Правила каталог. PSBO
041 0_ a Код языка текста rus
080 a Индекс УДК 58
084 a Индекс другой классификации/Индекс ББК Е5
090 a Полочн. индекс 58
x Авторский знак К 36
098 d Инвентарный ОРК 3993
100 1_ a Автор Кернер фон Марилаун Антон
d Дата 1831-1838
e Роль лиц Автор
240 10 p Название части/ раздела
245 10 a Заглавие Жизнь растений
b Продолж. заглавия в 2 т.
c Ответственность проф. Кернера фон-Марилаун ; перевод (с разрешения издателей оригинала) со 2-го вновь переработанного и дополненного немецкого издания, с библиографическим указателем и оригинальными дополнениями А. Генкеля и В. Траншеля, ; под редакцией и с предисловием И. П. Бородина
n Номер части/ раздела Т. 1
p Название части/ раздела Форма и жизнь растения
260 a Место издания Санкт-Петербург
b Издательство Просвещение
c Дата издания 1899
300 a Объем IX, 773 с., [13] л. ил., [21] л. хромолит.
b Иллюстрации/ тип воспроизводства ил.
c Размеры 25 см
561 1_ a История (примечание) Из коллекции Педагогического музея Дирекции народных училищ Тверской губернии
9 1013192
653 0_ a Ключевые слова Биология растений
a Ключевые слова Ботаника
a Ключевые слова Растения
a Ключевые слова Жизнь растений
700 1_ a Другие авторы Бородин И. П.
e Роль лиц ред.
852 41 x Примечание, не предназначенное для пользователя Пед. музей Дирекции нар. уч-щ Твер. губ.
9 1013192
901 t Тип документа m
920 a Оператор Поля
a Оператор Суха
a Оператор Стро
930 a Новая/Ретро ретро
935 a Идентификатор редкой книги РК
952 c Вид литературы К рн
954 a Дата поступления на обработку 20140704
c Дата окончания ОНО 20140826
b Дата поступления в ОК 20140408
954 a Дата поступления на обработку 20230119